Kenedore sadai mukali monere thakiba pari (Record no. 8504)

MARC details
000 -LEADER
fixed length control field 00576cam a2200205ua 4500
008 - FIXED-LENGTH DATA ELEMENTS--GENERAL INFORMATION
fixed length control field 150911n ii |||gr||||Z||||||asm
040 ## - CATALOGING SOURCE
Transcribing agency MAIN
041 ## - LANGUAGE CODE
-- asm
082 ## - DEWEY DECIMAL CLASSIFICATION NUMBER
Classification number 100
100 ## - MAIN ENTRY--PERSONAL NAME
Personal name Gupta, M.K.,
Relator term
245 1# - TITLE STATEMENT
Title Kenedore sadai mukali monere thakiba pari
Statement of responsibility, etc. by M.K. Gupta
250 ## - EDITION STATEMENT
Edition statement 1st ed. /
Remainder of edition statement Translation of M.K. Gupta`s How to Remain Ever Free.
260 ## - PUBLICATION, DISTRIBUTION, ETC.
Place of publication, distribution, etc. Guwahati:
Name of publisher, distributor, etc. Banalata,
Date of publication, distribution, etc. 2012.
300 ## - PHYSICAL DESCRIPTION
Extent 240p.
700 ## - ADDED ENTRY--PERSONAL NAME
Personal name Sarma, Anil,
Relator term
942 ## - ADDED ENTRY ELEMENTS (KOHA)
Koha item type Books
653 ## - INDEX TERM--UNCONTROLLED
Uncontrolled term Philosophy & psychology
653 ## - INDEX TERM--UNCONTROLLED
Uncontrolled term Free minded living
Holdings
Withdrawn status Lost status Damaged status Not for loan Home library Current library Shelving location Date acquired Total Checkouts Full call number Barcode Date last seen Copy number Price effective from Koha item type
        Central Library, Naharkatiya College Central Library, Naharkatiya College General Stacks 19/09/2020   100 | GUP 21889 19/09/2020 1 19/09/2020 Books

Naharkatiya College © 2020. All rights reserved.

Powered By